000 02303cam a22004454i 4500
003 PE-LiUPU
005 20250731165404.0
008 151005s2014 pe a grm 000 0 spa d
035 _a(Sirsi) a154759
040 _aPE-LiUPU
_bspa
_cPE-LiUPU
_erda
099 _aTE 3
_bL91 2014
100 1 _aLozano Huari, Abeli Humberto
_eautor
245 1 _aSatisfacción laboral y el desempeño laboral de los docentes de la Asociación Educativa Adventista Central Este, Lima, 2014 /
_cAbeli Humberto Lozano Huari.
264 0 _c2014.
300 _a92 hojas :
_bilustraciones;
_c30 cm
336 _atext
_2rdacontent
337 _aunmediated
_2rdamedia
338 _avolume
_2rdacarrier
502 _aTesis
_b(Mg.) --
_cUniversidad Peruana Unión,
_d2014.
504 _aIncluye referencias bibliográficas
520 3 _aEsta investigación se desarrolló auxiliada por objeto: determinar en qué medida se relaciona la satisfacción laboral en el desempeño laboral de los docentes de la Asociación Educativa Adventista Central Este. Se entiende que la satisfacción laboral constituye el valor fundamental del desempeño laboral de los docentes. Se ha trabajado con 74 docentes, la muestra representativa, aplicándose el cuestionario para estudiar la variable predictora: satisfacción laboral con sus dimensiones: satisfacción de realización personal, con la promoción, con la docencia y con los salarios; y la variable desempeño laboral con sus dimensiones: desempeño académico, desempeño laboral, desempeño investigativo y desempeño extensionista. Los datos recogidos muestran una significativa relación de la satisfacción laboral con el desempeño laboral de los docentes de la Asociación Educativa Adventista Central Este.
526 _aSEG44
526 _aSEG26
526 _aP151
526 _aP150
526 _aP149
526 _aP146
526 _aP145
526 _aP126
526 _aP125
526 _aP92
526 _aP75
526 _aP74
526 _aP27
526 _aP15
650 0 4 _aProfesores Adventistas
_xSatisfacción en el trabajo.
596 _a1
942 _2ddc
_cTESIS
999 _aTE 3 L91 2014
_wALPHANUM
_c7458
_iT01666
_lCCODEBUL3
_mBUL
_r1
_sY
_tTESIS
_u2015-10-5
_xPOSGRADO
_PP57
_o.STAFF. Tesis
_d7458
980 _81
_gALBERTO SANCHEZ Responsable de Automatización